Statistics for 2023 World Leaders

Click here to take the quiz!

General Stats

  • This quiz has been taken 10 times
  • The average score is 7 of 15

Answer Stats

CountryLeader% Correct
USABiden
100%
RussiaPutin
100%
FranceMacron
80%
TurkeyErdogan
60%
BrazilLula da Silva
60%
CanadaTrudeau
60%
UkraineZelensky
60%
ChinaJinping
40%
GermanySteinmeier
40%
ItalyMattarella
30%
PolandDuda
20%
UKJohnson
20%
ArgentinaFernandez
10%
SpainSanchez
10%
IndiaMurmu
0%

Score Distribution

Percentile by Number Answered

Percent of People with Each Score

Your Score History

You have not taken this quiz